Białas- H8M4 - Statystyki

Ogólne statystyki
  • Ten quiz został rozwiązany 198 razy
    196 od ostatniego zresetowania
  • Średni wynik to 7 z 12
Statystyki odpowiedzi
Hint Odpowiedź % Poprawnych
5 Mali ludzie, wielkie nieba
79%
9 Blakablaka
75%
1 Witam Cię 2k16
75%
2 Patrzcie idzie frajer
67%
6 Jeden żyć
60%
10 Nie śpię bo trzymam gardę
60%
4 Jedna wiara jeden skład
55%
7 Chamer
52%
11 I poszedł
50%
3 Mamo, sięgam gwiazd
49%
12 Tracimy kontrolę
48%
8 Mam dość
45%
Nie znaleziono quizów pasujących do podanych kryteriów
Rozkład punktacji
Procent ludzi z każdym wynikiem
Percentyl według liczby udzielonych odpowiedzi
Twoja historia wyników
Nie rozwiązałeś tego quizu od ostatniego zresetowania